CHP Genel Başkanı Deniz Baykal'ın konuşmaları (Record no. 6401)

MARC details
000 -BAŞLIK
Sabit Uzunlukta Kontrol Alanı 03161na a2200457 4500
001 - KONTROL NUMARASI
Denetim Alanı 19192
003 - KONTROL NUMARASI IDENTIFIER
Denetim Alanı MIRAKIL
005 - SON İŞLEM TARİHİ VE ZAMANI
Denetim Alanı 20181213155107.0
008 - SABİT-BOY VERİ ELEMANLARI - GENEL BİLGİLER
Sabit Uzunlukta Kontrol Alanı 161222b tu 000 0
040 ## - KATALOGLAMA KAYNAK
Orijinal Kataloglama Ajansı Milas
Kataloglama Dili tur
Metne Dönüştürmek Ajansı TR-AnCHP
041 ## - DİL KODU
Metin / Ses Parça Veya Ayrı Başlığın Dil Kodu tur
082 ## - DEWEY ONLU SINIFLANDIRMA NUMARASI
Sınıflandırma Numarası CHP 324.2172092
Ürün Numarası B29c [2001]
090 ## - SINIFLAMA NUMARASI
Sınıflama Numarası BROŞÜR 10
100 ## - ANA GİRİŞ - KİŞİSEL İSİM
Kişisel Ad Baykal, Deniz
222 ## - ANAHTAR ADI
Anahtar Başlık CHP Genel Başkanı Deniz Baykal'ın konuşmaları
245 ## - BAŞLIK TABLOSU
Başlık CHP Genel Başkanı Deniz Baykal'ın konuşmaları
Başlığın Kalan [30 Eylül 2000- 7 Temmuz 2001]
Sorumluluk Tablosu, Vb Deniz Baykal
260 ## - YAYIN, DAĞITIM, VB
Yayın, Dağıtım, Vb Yeri [Ankara]
Yayıncı, Dağıtıcı, Vs Adı [CHP]
Yayın, Dağıtım, Vb Tarihi [2001]
300 ## - FİZİKSEL TANIM
Kapsam 108 s.
Boyutlar 20 sm.
490 ## - SERİSİ TABLOSU
Seri Beyanı Cumhuriyet Halk Partisi yayınları
505 ## - BİÇİMLENDİRİLDİ İÇİNDEKİLER NOT
Biçimlendirilmiş İçeriği Dikkat 29.Kurultay'da yaptığı sunuş konuşması (30 Haziran 2001), TV8 televizyonu 'Bakış' programında yaptığı açıklamalar (4 Temmuz 2001), CHP parti meclisi toplantısında yaptığı konuşma (7 Temmuz 2001), Bilim-kültür- yönetim platformunda, 'Partinin yeniden yapılanması' konusunda yaptığı konuşma (13 Haziran 2001), 11.Olağanüstü Kurultay'da yaptığı sunuş konuşması (30 Eylül 2000), CHP parti meclisinde yaptığı konuşmalardan bölümler: Kültürel çoğulculuk 'Eğitimde ve televizyonda dil konusu' (09 Aralık 2000), Anadolu Solu: Anadolu aydınları yüzyıllar boyu 'önce insan' diyerek günümüze ışık tutmuşlardır.(09 Aralık 2000) 'Bilim yönetim kültür platformu' toplantısında yaptığı konuşma (06 Nisan 2001), 'CHP Ekonomi masası Silivri ekonomi formunda' yaptığı basın açıklaması (11 Mart 2001), Kızılcahamam enerji komisyonu toplantısında yaptığı basın açıklaması (08 Nisan 2001).
600 ## - KONU KATMA GİRİŞ - KURUMSAL ADI
Kişisel Ad Baykal, Deniz
Başlıklar Ve Bir Adla İlişkili Diğer Kelimeler CHP Genel Başkanı
Genel Alt Bölümü Konuşmalar, 2001
600 ## - KONU KATMA GİRİŞ - KURUMSAL ADI
Kişisel Ad Baykal, Deniz
Başlıklar Ve Bir Adla İlişkili Diğer Kelimeler CHP Genel Başkanı
Genel Alt Bölümü Konuşmalar, 2000
610 ## - KONU KATMA GİRİŞ - TOPLANTI ADI
Giriş Elemanı Olarak Kurumsal Ad Veya Yargı Alanı Adı CHP
Genel Alt Bölüm Söylev ve demeçler
Kronolojik Alt Bölüm Baykal dönemi
650 ## - KONU KATMA GİRİŞ - TOPİKAL DÖNEM
Topikal Süreli Veya Coğrafi Ad Giriş Elemanı CHP Genel başkanları
Genel Alt Bölümü Baykal, Deniz
Kronolojik Alt Bölümü Konuşmalar, 2001
650 ## - KONU KATMA GİRİŞ - TOPİKAL DÖNEM
Topikal Süreli Veya Coğrafi Ad Giriş Elemanı CHP Genel başkanları
Genel Alt Bölümü Baykal, Deniz
Kronolojik Alt Bölümü Konuşmalar, 2000
710 ## - KATMA GİRİŞ - KURUMSAL ADI
Giriş Elemanı Olarak Kurumsal Ad Veya Yargı Alanı Adı CHP
711 ## - KATMA GİRİŞ - TOPLANTI ADI
Giriş Elemanı Olarak Toplantı Adı Veya Yargı Alanı Adı CHP Olağanüstü Kurultayı
Toplantının Yeri Ankara
Toplantı Veya Antlaşma İmzalandığı Tarihi 30 Eylül 2000
Bölüm / Bölüm / Toplantı Sayısı 11.
740 ## - KATMA GİRİŞ - KONTROLSUZ İLGİLİ / ANALİTİK BAŞLIK
Kontrol Edilmeyen / İlgili Analitik Başlıktaki Kızılcahamam enerji komisyonu toplantısında yaptığı basın açıklaması (08 Nisan 2001)
740 ## - KATMA GİRİŞ - KONTROLSUZ İLGİLİ / ANALİTİK BAŞLIK
Kontrol Edilmeyen / İlgili Analitik Başlıktaki CHP Ekonomi masası Silivri ekonomi formunda' yaptığı basın açıklaması (11 Mart 2001)
740 ## - KATMA GİRİŞ - KONTROLSUZ İLGİLİ / ANALİTİK BAŞLIK
Kontrol Edilmeyen / İlgili Analitik Başlıktaki Bilim yönetim kültür platformu toplantısında yaptığı konuşma (06 Nisan 2001)
740 ## - KATMA GİRİŞ - KONTROLSUZ İLGİLİ / ANALİTİK BAŞLIK
Kontrol Edilmeyen / İlgili Analitik Başlıktaki CHP parti meclisinde yaptığı konuşmalardan bölümler: Kültürel çoğulculuk ' Eğitimde ve televizyonda dil konusu (09 Aralık 2000)
740 ## - KATMA GİRİŞ - KONTROLSUZ İLGİLİ / ANALİTİK BAŞLIK
Kontrol Edilmeyen / İlgili Analitik Başlıktaki 11.Olağanüstü Kurultay'da yaptığı sunuş konuşması (30 Eylül 2000)
740 ## - KATMA GİRİŞ - KONTROLSUZ İLGİLİ / ANALİTİK BAŞLIK
Kontrol Edilmeyen / İlgili Analitik Başlıktaki Bilim-kültür- yönetim platformunda, Partinin yeniden yapılanması' konusunda yaptığı konuşma (13 Haziran 2001)
740 ## - KATMA GİRİŞ - KONTROLSUZ İLGİLİ / ANALİTİK BAŞLIK
Kontrol Edilmeyen / İlgili Analitik Başlıktaki CHP parti meclisi toplantısında yaptığı konuşma (7 Temmuz 2001)
740 ## - KATMA GİRİŞ - KONTROLSUZ İLGİLİ / ANALİTİK BAŞLIK
Kontrol Edilmeyen / İlgili Analitik Başlıktaki TV8 televizyonu 'Bakış' programında yaptığı açıklamalar (4 Temmuz 2001)
740 ## - KATMA GİRİŞ - KONTROLSUZ İLGİLİ / ANALİTİK BAŞLIK
Kontrol Edilmeyen / İlgili Analitik Başlıktaki 29. Kurultay'da yaptığı sunuş konuşması (30 haziran 2001)
830 ## - SERİSİ EKLENDİ GİRİŞ - ÜNİFORM ADI
Üniforma Başlık CHP yayınları
942 ## - EKLENDİ GİRİŞ ELEMANLARI (KOHA)
Sınıflandırma Veya Raf Düzeni Kaynak
Koha Öğesi Türü Books
999 ## - SİSTEM KONTROL NUMARALARI (KOHA)
Koha Biblionumber 6401
Koha Biblioitemnumber 6401
657 ## - INDEX SÜRE - İŞLEVİ
-- Deniz Baykalın konuşmaları
Holdings
Kullanım Kısıtlamaları Kalıcı Konum Mevcut Konum Edinme Tarihi Edinim Kaynak Kodlu Konum Eleme Toplam Check-Out'Lar Tam Çağrı Numarası Barkod Tarih Son Görülme Kopya Sayısı İtibaren Geçerli Fiyatlar Koha Öğesi Türü
Kütüphane dışına çıkarılamaz CHP Kütüphanesi CHP Kütüphanesi 12/09/2016 Bağış BROŞÜRLER   BROŞÜR 10 011079 12/09/2016 k.2 12/09/2016 Visual Material